000 00563nam a22002057a 4500
005 20260317102610.0
008 260317b |||||||| |||| 00| 0 eng d
020 _a9789358496062
040 _aIN-DiNC
_cIN-DiNC
041 _deng
082 _a363.7
_bDAD
100 _aDadhara, Debika
_eauthor
245 _aEnvironmental studies (VAC3)/
_cby Debika Dadhara and Sanjay Sen
250 _a1st ed.
260 _aDibrugarh:
_bBanalata,
_c2026.
300 _a326p.
650 _aEnvironmental studies (VAC3)
700 _aSen, Sanjay
_eauthor
942 _2ddc
_cBK
999 _c12343
_d12343